Statistics for Britain's Got Talent winners

Click here to take the quiz!

General Stats

  • This quiz has been taken 54 times
    (29 since last reset)
  • The average score is 8 of 14

Answer Stats

seriesttype of actwinner/act% Correct
3Street DanceDiversity
100%
1OperaPaul Potts
89%
8Boy groupCollabro
67%
2Street DanceGeorge Sampson
67%
6Dog agilityAshleigh and Pudsey
63%
7Shadow TheatreAttraction
63%
12ComedianLost Voice Guy
59%
10MagicianRichard Jones
56%
4Gymnastic Group/ acrobaticsSpellbound
56%
11PianistTokio Myers
56%
13Pensioner singerColin Thackery
48%
9Dog actJules O'Dwyer & Matisse
44%
5SingerJai McDowell
37%
14comedic singerjon Courtney
33%

Score Distribution

Percentile by Number Answered

Percent of People with Each Score

Your Score History

You have not taken this quiz since the last reset